Pragati's general pharmacy : (Record no. 13759)
[ view plain ]
| 000 -LEADER | |
|---|---|
| fixed length control field | 01093nam a22002537a 4500 |
| 005 - DATE AND TIME OF LATEST TRANSACTION | |
| control field | 20080617164846.0 |
| 008 - FIXED-LENGTH DATA ELEMENTS--GENERAL INFORMATION | |
| fixed length control field | 080617t xxu||||| |||| 00| 0 eng d |
| 010 ## - LIBRARY OF CONGRESS CONTROL NUMBER | |
| LC control number | ENG-90353 |
| 020 ## - INTERNATIONAL STANDARD BOOK NUMBER | |
| Terms of availability | 140.00 |
| International Standard Book Number | 8183985246 |
| 035 ## - SYSTEM CONTROL NUMBER | |
| System control number | EN-73886 |
| 037 ## - SOURCE OF ACQUISITION | |
| Source of stock number/acquisition | DBAD / PUB |
| 040 ## - CATALOGING SOURCE | |
| Original cataloging agency | DPL |
| Language of cataloging | EN |
| 082 ## - DEWEY DECIMAL CLASSIFICATION NUMBER | |
| Classification number | 615.1 |
| 100 ## - MAIN ENTRY--PERSONAL NAME | |
| Personal name | Diwan, Anupama |
| 245 ## - TITLE STATEMENT | |
| Title | Pragati's general pharmacy : |
| Statement of responsibility, etc | by Anupama Diwan [and] Kanchan Kohli |
| Remainder of title | (as per B. Pharma syllabus of U.P. Technical University, Lucknow) |
| 260 ## - PUBLICATION, DISTRIBUTION, ETC. (IMPRINT) | |
| Place of publication, distribution, etc | Meerut |
| Name of publisher, distributor, etc | Pragati Prakashan |
| Date of publication, distribution, etc | 2008 |
| 270 ## - ADDRESS | |
| Address | Pragati Bhawan, 240, W.K, Road, |
| City | Meerut |
| Postal code | 250001 |
| 300 ## - PHYSICAL DESCRIPTION | |
| Extent | 176p. |
| Dimensions | 25 cm (pbk) |
| 490 ## - SERIES STATEMENT | |
| Series statement | |
| 700 ## - ADDED ENTRY--PERSONAL NAME | |
| Personal name | Kohli, Kanchan |
| 942 ## - ADDED ENTRY ELEMENTS (KOHA) | |
| Koha item type | English Books |
| Classification part | 615.1 |
| Source of classification or shelving scheme | Dewey Decimal Classification |
| Call number suffix | DIW |
| Withdrawn status | Lost status | Damaged status | Not for loan | Collection code | Home library | Current library | Date acquired | Source of acquisition | Cost, normal purchase price | Total Checkouts | Full call number | Barcode | Date last seen | Copy number | Cost, replacement price | Price effective from | Koha item type | Source of classification or shelving scheme | Total Renewals | Date checked out |
|---|---|---|---|---|---|---|---|---|---|---|---|---|---|---|---|---|---|---|---|---|
| Not For Loan | Non-fiction | D.B.Act.Division | D.B.Act.Division | 17/06/2008 | DBAD / PUB | 140.00 | 615.1 DIW | EN-73886 | 15/09/2008 | 1 | 140.00 | 15/09/2008 | English Books | |||||||
| Non-fiction | Vinoba Puri | Vinoba Puri | 02/03/2009 | 140.00 | 12 | 615.1 DIW | B-317481 | 26/04/2014 | 1 | 140.00 | 02/03/2009 | English Books | Dewey Decimal Classification | 4 | 29/03/2014 |
